<?xml version="1.0" encoding="UTF-8"?>
<collection xmlns="http://www.loc.gov/MARC21/slim">
 <record>
  <leader>02880cam a2200517  c4500</leader>
  <controlfield tag="001">1327093677</controlfield>
  <controlfield tag="003">DE-627</controlfield>
  <controlfield tag="005">20240709140257.0</controlfield>
  <controlfield tag="007">tu</controlfield>
  <controlfield tag="008">060918s2006    gw ||||| c    00| ||ger c</controlfield>
  <datafield tag="020" ind1=" " ind2=" ">
   <subfield code="a">3937602631</subfield>
   <subfield code="c">Museumsausg. (Essays)</subfield>
   <subfield code="9">3-937602-63-1</subfield>
  </datafield>
  <datafield tag="020" ind1=" " ind2=" ">
   <subfield code="a">393760264X</subfield>
   <subfield code="c">Museumsausg. (Kat.+Essays)</subfield>
   <subfield code="9">3-937602-64-X</subfield>
  </datafield>
  <datafield tag="020" ind1=" " ind2=" ">
   <subfield code="a">3937602674</subfield>
   <subfield code="c">Buchhandelsausg. (Kat.+Essays)</subfield>
   <subfield code="9">3-937602-67-4</subfield>
  </datafield>
  <datafield tag="035" ind1=" " ind2=" ">
   <subfield code="a">(DE-627)1327093677</subfield>
  </datafield>
  <datafield tag="035" ind1=" " ind2=" ">
   <subfield code="a">(DE-576)257093672</subfield>
  </datafield>
  <datafield tag="035" ind1=" " ind2=" ">
   <subfield code="a">(DE-599)BSZ257093672</subfield>
  </datafield>
  <datafield tag="035" ind1=" " ind2=" ">
   <subfield code="a">(OCoLC)315572844</subfield>
  </datafield>
  <datafield tag="040" ind1=" " ind2=" ">
   <subfield code="a">DE-627</subfield>
   <subfield code="b">ger</subfield>
   <subfield code="c">DE-627</subfield>
   <subfield code="e">rakwb</subfield>
  </datafield>
  <datafield tag="041" ind1=" " ind2=" ">
   <subfield code="a">ger</subfield>
  </datafield>
  <datafield tag="044" ind1=" " ind2=" ">
   <subfield code="c">XA-DE-SN</subfield>
  </datafield>
  <datafield tag="084" ind1=" " ind2=" ">
   <subfield code="a">9,10</subfield>
   <subfield code="2">ssgn</subfield>
  </datafield>
  <datafield tag="084" ind1=" " ind2=" ">
   <subfield code="a">NK 1800</subfield>
   <subfield code="2">rvk</subfield>
   <subfield code="0">(DE-625)rvk/125877:</subfield>
  </datafield>
  <datafield tag="245" ind1="1" ind2="0">
   <subfield code="a">Heiliges Römisches Reich Deutscher Nation 962 bis 1806 - Altes Reich und neue Staaten 1495 bis 1806</subfield>
   <subfield code="n">2</subfield>
   <subfield code="p">Essays / hrsg. von Heinz Schilling ...</subfield>
  </datafield>
  <datafield tag="264" ind1=" " ind2="1">
   <subfield code="a">Dresden</subfield>
   <subfield code="b">Sandstein</subfield>
   <subfield code="c">2006</subfield>
  </datafield>
  <datafield tag="300" ind1=" " ind2=" ">
   <subfield code="a">456 S.</subfield>
   <subfield code="b">zahlr. Ill., Kt.</subfield>
  </datafield>
  <datafield tag="336" ind1=" " ind2=" ">
   <subfield code="a">Text</subfield>
   <subfield code="b">txt</subfield>
   <subfield code="2">rdacontent</subfield>
  </datafield>
  <datafield tag="336" ind1=" " ind2=" ">
   <subfield code="a">unbewegtes Bild</subfield>
   <subfield code="b">sti</subfield>
   <subfield code="2">rdacontent</subfield>
  </datafield>
  <datafield tag="337" ind1=" " ind2=" ">
   <subfield code="a">ohne Hilfsmittel zu benutzen</subfield>
   <subfield code="b">n</subfield>
   <subfield code="2">rdamedia</subfield>
  </datafield>
  <datafield tag="338" ind1=" " ind2=" ">
   <subfield code="a">Band</subfield>
   <subfield code="b">nc</subfield>
   <subfield code="2">rdacarrier</subfield>
  </datafield>
  <datafield tag="490" ind1="1" ind2=" ">
   <subfield code="a">... Ausstellung des Europarates</subfield>
   <subfield code="v">29</subfield>
  </datafield>
  <datafield tag="583" ind1="1" ind2=" ">
   <subfield code="a">Archivierung/Langzeitarchivierung gewährleistet</subfield>
   <subfield code="f">PESN</subfield>
   <subfield code="x">XA-DE-SN</subfield>
   <subfield code="2">pdager</subfield>
   <subfield code="5">DE-14</subfield>
  </datafield>
  <datafield tag="583" ind1="1" ind2=" ">
   <subfield code="a">Archivierung/Langzeitarchivierung gewährleistet</subfield>
   <subfield code="f">SSG</subfield>
   <subfield code="x">XA-DE-BW</subfield>
   <subfield code="2">pdager</subfield>
   <subfield code="5">DE-16</subfield>
  </datafield>
  <datafield tag="655" ind1=" " ind2="7">
   <subfield code="a">Ausstellungskatalog</subfield>
   <subfield code="y">2006</subfield>
   <subfield code="z">Berlin</subfield>
   <subfield code="0">(DE-588)4135467-9</subfield>
   <subfield code="0">(DE-627)10566491X</subfield>
   <subfield code="0">(DE-576)209660988</subfield>
   <subfield code="2">gnd-content</subfield>
  </datafield>
  <datafield tag="689" ind1="0" ind2="0">
   <subfield code="d">g</subfield>
   <subfield code="0">(DE-588)4011882-4</subfield>
   <subfield code="0">(DE-627)104704861</subfield>
   <subfield code="0">(DE-576)208896155</subfield>
   <subfield code="a">Deutschland</subfield>
   <subfield code="2">gnd</subfield>
  </datafield>
  <datafield tag="689" ind1="0" ind2="1">
   <subfield code="a">z</subfield>
   <subfield code="2">gnd</subfield>
   <subfield code="a">Geschichte 962-1806</subfield>
  </datafield>
  <datafield tag="689" ind1="0" ind2=" ">
   <subfield code="5">DE-101</subfield>
  </datafield>
  <datafield tag="700" ind1="1" ind2=" ">
   <subfield code="a">Schilling, Heinz</subfield>
   <subfield code="d">1942-</subfield>
   <subfield code="e">Hrsg.</subfield>
   <subfield code="0">(DE-588)120574330</subfield>
   <subfield code="0">(DE-627)080755704</subfield>
   <subfield code="0">(DE-576)162909691</subfield>
   <subfield code="4">edt</subfield>
  </datafield>
  <datafield tag="773" ind1="1" ind2="8">
   <subfield code="w">(DE-627)1322392773</subfield>
   <subfield code="w">(DE-576)252392779</subfield>
   <subfield code="g">2</subfield>
   <subfield code="q">2</subfield>
   <subfield code="7">nnnm</subfield>
  </datafield>
  <datafield tag="787" ind1="0" ind2="8">
   <subfield code="i">Rezensiert in</subfield>
   <subfield code="a">Neuheuser, Hanns Peter, 1952 - </subfield>
   <subfield code="t">[Rezension von: Heiliges Römisches Reich Deutscher Nation 962 bis 1806, von Otto dem Grossen bis zum Ausgang des Mittelalters, Teil 1 - Heiliges Römisches Reich Deutscher Nation 962 bis 1806, Altes Reich und neue Staaten 1495 bis 1806, Teil 2 - Bernd Schneidmüller (Hrsg.), Heilig - Römisch - Deutsch]</subfield>
   <subfield code="d">2007</subfield>
   <subfield code="w">(DE-627)154790514X</subfield>
   <subfield code="w">(DE-576)477905145</subfield>
  </datafield>
  <datafield tag="810" ind1="2" ind2=" ">
   <subfield code="a">Europarat</subfield>
   <subfield code="t">Europaratsausstellung</subfield>
   <subfield code="v">29</subfield>
   <subfield code="9">29,2,2</subfield>
   <subfield code="w">(DE-627)1764164008</subfield>
   <subfield code="w">(DE-576)055666507</subfield>
   <subfield code="w">(DE-600)3077284-9</subfield>
   <subfield code="7">ns</subfield>
  </datafield>
  <datafield tag="936" ind1="r" ind2="v">
   <subfield code="a">NK 1800</subfield>
   <subfield code="b">Deutsche Geschichte</subfield>
   <subfield code="k">Geschichte</subfield>
   <subfield code="k">Weltgeschichte, Darstellungen Allgemeine Geschichte einzelner Staaten und Völker Teilgebiete der Geschichte, Sammelwerke</subfield>
   <subfield code="k">Weltgeschichte und allgemeine Geschichte der  Staaten und Völker</subfield>
   <subfield code="k">Weltgeschichte</subfield>
   <subfield code="k">Europäische Geschichte</subfield>
   <subfield code="k">Deutsche Geschichte</subfield>
   <subfield code="0">(DE-627)1271086565</subfield>
   <subfield code="0">(DE-625)rvk/125877:</subfield>
   <subfield code="0">(DE-576)201086565</subfield>
  </datafield>
  <datafield tag="951" ind1=" " ind2=" ">
   <subfield code="a">MV</subfield>
  </datafield>
  <datafield tag="990" ind1=" " ind2=" ">
   <subfield code="a">Deutschland</subfield>
  </datafield>
  <datafield tag="990" ind1=" " ind2=" ">
   <subfield code="a">Geschichte 962-1806</subfield>
  </datafield>
  <datafield tag="991" ind1=" " ind2=" ">
   <subfield code="a">Rezensiertes Werk</subfield>
  </datafield>
  <datafield tag="999" ind1=" " ind2=" ">
   <subfield code="a">KXP-PPN1327093677</subfield>
   <subfield code="e">4157480465</subfield>
  </datafield>
 </record>
</collection>
